Tratado de química analítica aplicada: métodos y normas para el examen químico de los principales productos industriales y alimenticios

Zapisane w:
Opis bibliograficzny
1. autor: Villavecchia, Víctor (Autor)
Format: Książka
Język:hiszpański
Wydane: Barcelona Gustavo Gili 1949
Hasła przedmiotowe:
Etykiety: Dodaj etykietę
Nie ma etykietki, Dołącz pierwszą etykiete!

MARC

LEADER 00000nam a2200000 a 4500
001 UCT1892
003 CL-VaPUC
008 961004e19490000SP |||||||||||||||||spa|d
082 0 4 |a 543  |b VIL  |2 21 
100 0 |a Villavecchia, Víctor  |e author  |9 370919 
245 1 0 |a Tratado de química analítica aplicada: métodos y normas para el examen químico de los principales productos industriales y alimenticios 
300 |a 2 v 
942 |c BK 
945 |d 19961004 00:00:00  |a cmena 
260 |a Barcelona  |b Gustavo Gili  |c 1949 
500 |a v.1: Aguas. Productos químicos. Abonos. Anticriptogámicos e insecticidas. Cales y cementos. Colores minerales. Metales y aleaciones. Combustibles. Alquitrán de hulla y sus productos. Aceites minerales y derivados. Explosivos 
500 |a v.2: Carnes. Leche y sus derivados. Harina, almidón y sus productos 
500 |a Azúcares y materias sacarinas. Cerveza. Vinos. Alcoholes y alcoholes. Aceites esenciales. Trementina y sus productos. Barnices. Caucho y gutapercha. Productos tánicos. Tintas. Cuero. Substancias colorantes. Fibras textiles, hilados y tejidos 
650 0 |a Química analítica  |9 259648 
650 7 |a ENSAYOS QUIMICOS  |2 CL-VaPUC  |9 370920 
650 0 |a Metales   |9 260686 
650 7 |a PRODUCTOS QUIMICOS ORGANICOS  |2 CL-VaPUC  |9 344420 
650 0 |a Reacciones químicas  |9 259438 
650 0 |a Materia  |9 265041 
583 |a last modification  |c 19961004 00:00:00  |k Rodrigo Vera 
999 |c 252243  |d 252241